Možnosti financovania malých a stredných podnikov prostredníctvom bankových produktov

Poskytovanie strednodobých a dlhodobých úverov. Najdôležitejšie druhy týchto úverov - dlžný úpis, emisný úver a hypotekárny úver. Charakteristika uvedených bankových produktov.

Na minha lista:
Detalhes bibliográficos
Autor principal: Klimiková, Mária
Formato: Capítulo de Livro
Idioma:eslovaco
Assuntos:
Tags: Adicionar Tag
Sem tags, seja o primeiro a adicionar uma tag!

MARC

LEADER 00000nla$a2200000$$$4500
001 0116827
005 20240502072313.4
041 0 |a slo 
044 |a SK 
245 1 0 |a Možnosti financovania malých a stredných podnikov prostredníctvom bankových produktov  |c Mária Klimiková 
520 |a Poskytovanie strednodobých a dlhodobých úverov. Najdôležitejšie druhy týchto úverov - dlžný úpis, emisný úver a hypotekárny úver. Charakteristika uvedených bankových produktov. 
610 2 0 |a financovanie 
610 2 0 |a financie 
610 2 0 |a podnik malý 
610 2 0 |a podnik stredný 
610 2 0 |a banky 
610 2 0 |a úver hypotekárny 
610 2 0 |a dlhopisy 
610 2 0 |a úpisy dlžobné 
100 1 |a Klimiková, Mária